[Event "Open Semana Santa 2023"]
[Site "?"]
[Date "2023.04.06"]
[Round "3.99"]
[White "Gomar Juan, Miguel"]
[Black "O`cuilleanain, Oisin"]
[Result "0-1"]
[WhiteElo "1807"]
[BlackElo "2122"]
[PlyCount "76"]

1. d4 Nf6 2. Nf3 g6 3. c4 Bg7 4. Nc3 O-O 5. e4 d6 6. Be2 e5 7. dxe5 dxe5 8.
Qxd8 Rxd8 9. Bg5 c6 10. O-O h6 11. Rfd1 Re8 12. Bh4 Na6 13. Rd6 Nh5 14. Rad1 g5
15. Bg3 Nf4 16. Bf1 Bg4 17. h3 Nxh3+ 18. gxh3 Bxf3 19. R1d3 Bf8 20. Rf6 Bh5 21.
Rd7 Nc5 22. Rc7 Ne6 23. Rxb7 Bg7 24. Rxe6 fxe6 25. b3 Reb8 26. Rc7 Rc8 27. Rb7
Rd8 28. Kg2 Rd2 29. Rc7 Rf8 30. Rxc6 Rc2 31. Rc7 Bf3+ 32. Kh2 h5 33. Bg2 h4 34.
Rxg7+ Kxg7 35. Bxe5+ Kg6 36. Bxf3 Rxf3 37. Nd1 Rd3 38. Ne3 Rxe3 0-1

[Event "Open Semana Santa 2023"]
[Site "?"]
[Date "2023.04.06"]
[Round "3.100"]
[White "Lacomba Piqueras, Andres"]
[Black "Bevia Martinez, Luis"]
[Result "1-0"]
[WhiteElo "1807"]
[BlackElo "2111"]
[PlyCount "107"]

1. Nf3 f5 2. g3 Nf6 3. Bg2 g6 4. b3 Bg7 5. Bb2 O-O 6. c4 d6 7. d4 Qe8 8. Qc2
Nc6 9. O-O e5 10. dxe5 dxe5 11. Ba3 Rf7 12. e3 a5 13. Bb2 Rd7 14. a3 e4 15.
Nfd2 Ne5 16. Bd4 b6 17. c5 Ba6 18. Nc4 Nxc4 19. bxc4 bxc5 20. Bxc5 Qe6 21. Rc1
Ng4 22. Ra2 Qc6 23. h3 Nxf2 24. Bd4 Nd3 25. Qxd3 Qd6 26. Qc3 Bxd4 27. exd4
Qxd4+ 28. Qxd4 Rxd4 29. Rd2 Rad8 30. Rxd4 Rxd4 31. Bf1 Kf7 32. Kf2 Ke6 33. Ke3
Ke5 34. a4 g5 35. Be2 f4+ 36. Kf2 e3+ 37. Kg2 Bb7+ 38. Bf3 Be4 39. gxf4+ gxf4
40. h4 Bxb1 41. Rxb1 Rxc4 42. Rb5+ c5 43. Be2 Rxa4 44. Rxc5+ Ke4 45. Rc7 Ra2
46. Re7+ Kd4 47. Kf3 a4 48. Re4+ Kc3 49. Rxf4 a3 50. Kxe3 Ra1 51. Bc4 Rh1 52.
Bd5 Rh3+ 53. Kf2 Rd3 54. Rf3 1-0

[Event "Open Semana Santa 2023"]
[Site "?"]
[Date "2023.04.06"]
[Round "3.101"]
[White "Gonzalez Castillo, Jose Javier"]
[Black "Hernandez Gonzalez, Manuel"]
[Result "1-0"]
[WhiteElo "2107"]
[BlackElo "1800"]
[PlyCount "147"]

1. c4 Nf6 2. Nf3 g6 3. g3 Bg7 4. Bg2 O-O 5. O-O d6 6. Nc3 c5 7. b3 Nc6 8. Bb2
Bd7 9. e3 Qc8 10. d4 Bh3 11. d5 Bxg2 12. Kxg2 Na5 13. Qe1 Nd7 14. Na4 Bxb2 15.
Nxb2 Qd8 16. h4 b5 17. h5 bxc4 18. Nxc4 Nxc4 19. bxc4 Rb8 20. hxg6 hxg6 21. Rh1
f6 22. Qc3 Ne5 23. Nxe5 dxe5 24. Rh6 Kg7 25. Rah1 Rg8 26. Rh7+ Kf8 27. Qc2 Qb6
28. R1h6 Qb1 29. Qd2 Rb2 30. Qa5 Qe4+ 31. Kf1 Rb1+ 32. Ke2 Qxc4+ 33. Kf3 Qxd5+
34. Kg4 Qd1+ 35. Kh3 Qf1+ 36. Kg4 Qe2+ 37. Kh3 Qf1+ 38. Kg4 Rb4+ 39. f4 Qd1+
40. Kh3 Qd7+ 41. g4 exf4 42. Qxc5 Rb5 43. Qc4 Rd5 44. Qxf4 Qb5 45. Kg3 Qb1 46.
Rh1 Qb7 47. Qxf6+ exf6 48. Rxb7 Re5 49. Kf3 a5 50. Rc1 Re7 51. Rc8+ Re8 52.
Rcc7 Ra8 53. Rf7+ Ke8 54. Rxf6 Rf8 55. Rxf8+ Kxf8 56. Kf4 Ra6 57. e4 a4 58. e5
a3 59. Rd7 Ke8 60. Rd3 Ke7 61. Kg5 Kf7 62. Rd6 Ra5 63. Rf6+ Ke7 64. Kxg6 Rxe5
65. Rf3 Re4 66. g5 Ra4 67. Kh7 Rh4+ 68. Kg7 Rg4 69. g6 Ra4 70. Kh7 Rh4+ 71. Kg8
Rg4 72. g7 Ra4 73. Rh3 Kf6 74. Kh8 1-0

[Event "Open Semana Santa 2023"]
[Site "?"]
[Date "2023.04.06"]
[Round "3.102"]
[White "Schafer, Guillermo"]
[Black "Garrido Diaz, Ernesto"]
[Result "0-1"]
[WhiteElo "1802"]
[BlackElo "2106"]
[PlyCount "70"]

1. d4 d5 2. c4 e6 3. Nf3 Nf6 4. g3 Bb4+ 5. Bd2 a5 6. Bxb4 axb4 7. Bg2 O-O 8.
O-O Qe7 9. Qc2 Nc6 10. Nbd2 Rd8 11. e3 Bd7 12. Rfc1 Be8 13. b3 Rac8 14. Qb2 Ra8
15. Ne1 e5 16. Nc2 exd4 17. Nxd4 Nxd4 18. exd4 Bc6 19. Re1 Qd7 20. Nf3 dxc4 21.
bxc4 Bxf3 22. Bxf3 Ra3 23. Kg2 Rxf3 24. Kxf3 Qc6+ 25. d5 Qxc4 26. Kg2 Nxd5 27.
Qe5 Qc6 28. Kg1 h6 29. Rad1 Qc3 30. Qe4 c6 31. Re2 Qf6 32. Rxd5 Rxd5 33. Qxb4
Qf3 34. Re1 Rd1 35. h4 c5 0-1

[Event "Open Semana Santa 2023"]
[Site "?"]
[Date "2023.04.06"]
[Round "3.103"]
[White "Torres Rebolledo, Alvaro"]
[Black "Viudes Serra, Aaron"]
[Result "1-0"]
[WhiteElo "2105"]
[BlackElo "1787"]
[PlyCount "67"]

1. e4 Nf6 2. e5 Nd5 3. c4 Nb6 4. d4 d6 5. exd6 cxd6 6. Nc3 g6 7. Nf3 Bg7 8. Be3
O-O 9. Be2 Nc6 10. h3 e5 11. d5 Ne7 12. c5 dxc5 13. Bxc5 e4 14. d6 Bxc3+ 15.
bxc3 Ned5 16. Ne5 Qg5 17. d7 Qxe5 18. Bxf8 Qxc3+ 19. Kf1 Bxd7 20. Rc1 Qf6 21.
Bc5 e3 22. Bf3 Nc3 23. Qd4 Bb5+ 24. Ke1 exf2+ 25. Kxf2 Ne4+ 26. Qxe4 Re8 27.
Qd4 Re2+ 28. Kg1 Qg5 29. Bxe2 Bxe2 30. Re1 Bb5 31. Bxb6 axb6 32. Qe5 Qd2 33.
Kh2 Bc6 34. Re2 1-0

[Event "Open Semana Santa 2023"]
[Site "?"]
[Date "2023.04.06"]
[Round "3.104"]
[White "Cerdo Fernandez, Miguel"]
[Black "Pons Morro, Mateo"]
[Result "0-1"]
[WhiteElo "1783"]
[BlackElo "2105"]
[PlyCount "98"]

1. e4 e5 2. Nf3 Nc6 3. Bb5 a6 4. Ba4 Nf6 5. O-O b5 6. Bb3 Be7 7. Re1 d6 8. c3
O-O 9. d4 Bb7 10. d5 Na5 11. Bc2 c6 12. dxc6 Bxc6 13. Nbd2 Qc7 14. Nf1 Nc4 15.
Ng3 g6 16. Qe2 Rfe8 17. b3 Nb6 18. Bb2 Rac8 19. Rac1 Bf8 20. Nd2 d5 21. exd5
Nbxd5 22. Nde4 Nxe4 23. Bxe4 Nf4 24. Qf3 f5 25. Bxc6 Qxc6 26. Qxc6 Rxc6 27.
Rcd1 e4 28. Nf1 Bg7 29. g3 Ne6 30. Ne3 Nc5 31. Nd5 Kf7 32. Nb4 Rc7 33. Re2 a5
34. Nd5 Rd7 35. c4 Bxb2 36. Rxb2 Nd3 37. Nf4 bxc4 38. bxc4 Nxb2 39. Rxd7+ Re7
40. Rd5 Nxc4 41. Rc5 Ne5 42. Rxa5 Nf3+ 43. Kg2 Rb7 44. a4 Rb1 45. Ra7+ Kg8 46.
a5 Rg1+ 47. Kh3 g5 48. Ra8+ Kf7 49. Ra7+ Ke8 0-1

[Event "Open Semana Santa 2023"]
[Site "?"]
[Date "2023.04.06"]
[Round "3.105"]
[White "Piqueras Guardiola, Francisco"]
[Black "Najarro Garcia, Jose Maria"]
[Result "1-0"]
[WhiteElo "2105"]
[BlackElo "1778"]
[PlyCount "69"]

1. d4 Nf6 2. Bf4 e6 3. e3 c5 4. c3 Nc6 5. Nd2 h6 6. Bd3 d5 7. Bg3 Bd6 8. f4 Qc7
9. Qf3 b6 10. Ne2 Bb7 11. O-O O-O 12. Bh4 Nd7 13. Qh3 f5 14. g4 g6 15. Nf3 Kg7
16. Ne5 c4 17. Bc2 Ndxe5 18. fxe5 Be7 19. Nf4 Bc8 20. gxf5 gxf5 21. Qg3+ Bg5
22. Bxg5 Rg8 23. Qh3 hxg5 24. Nh5+ Kf8 25. Nf6 Qg7 26. Nxg8 Kxg8 27. Kf2 Nd8
28. Rg1 Nf7 29. Rg3 Kf8 30. Rag1 Qg6 31. Rxg5 Nxg5 32. Qh4 Bd7 33. Rxg5 Qe8 34.
Qh8+ Ke7 35. Qf6# 1-0

[Event "Open Semana Santa 2023"]
[Site "?"]
[Date "2023.04.06"]
[Round "3.106"]
[White "Srivatsan Karthikeyan"]
[Black "CM Luke Brezmes, Cristofer"]
[Result "0-1"]
[WhiteElo "1777"]
[BlackElo "2095"]
[PlyCount "126"]

1. e4 d6 2. d4 Nf6 3. Nc3 Nbd7 4. Nf3 e5 5. dxe5 dxe5 6. Bg5 c6 7. Bc4 Bb4 8.
O-O h6 9. Bh4 b5 10. Bb3 Qe7 11. Qe2 Nc5 12. a4 Bxc3 13. bxc3 a6 14. axb5 cxb5
15. Bd5 Bb7 16. Bxb7 Qxb7 17. Nxe5 Qxe4 18. Rfe1 Qxe2 19. Rxe2 O-O 20. c4 b4
21. Nc6 a5 22. f3 Ra6 23. Ne7+ Kh7 24. Bxf6 gxf6 25. Nd5 Rb8 26. Ree1 Rb7 27.
Re7 Rxe7 28. Nxe7 Nb7 29. Nd5 Rc6 30. c3 b3 31. Ra3 Nc5 32. Rxa5 b2 33. Rb5 Nd3
34. Kf1 Re6 35. Nxf6+ Rxf6 36. Ke2 Rd6 37. c5 Rd5 38. Rb7 Nf4+ 39. Ke3 Nxg2+
40. Ke4 Rxc5 41. Rxf7+ Kg6 42. Rb7 Rxc3 43. Rxb2 Ne1 44. f4 Rc4+ 45. Ke3 Rxf4
46. Rb6+ Rf6 47. Rb2 Nf3 48. Rg2+ Kh5 49. Rf2 Ne5 50. Rxf6 Ng4+ 51. Kf4 Nxf6
52. Kg3 Kg5 53. Kh3 Ne4 54. Kg2 Kg4 55. h3+ Kf4 56. Kh1 Kg3 57. h4 Kxh4 58. Kg1
Kg3 59. Kh1 h5 60. Kg1 h4 61. Kh1 h3 62. Kg1 h2+ 63. Kh1 Nf2# 0-1

[Event "Open Semana Santa 2023"]
[Site "?"]
[Date "2023.04.06"]
[Round "3.107"]
[White "Cuenca Jimenez, Francisco Javier"]
[Black "Verbytski, Oleg"]
[Result "1-0"]
[WhiteElo "2094"]
[BlackElo "1774"]
[Annotator "Usuario"]
[PlyCount "111"]

1. c4 Nf6 2. g3 g6 3. Bg2 Bg7 4. Nc3 d6 5. e4 O-O 6. Nge2 e5 7. O-O a5 8. d3
Na6 9. h3 Nc5 10. Be3 Nfd7 11. f4 c6 12. f5 h6 13. Qd2 g5 14. Rad1 f6 15. h4
Qe7 16. Bf3 Nb6 17. hxg5 fxg5 18. g4 Bd7 19. Ng3 Be8 20. Kg2 Bf6 21. Rh1 Kg7
$11 22. Rh3 Bf7 23. Rdh1 Rh8 24. Kf1 Rh7 25. Nh5+ Bxh5 26. Rxh5 Rah8 27. R5h3
Rd8 $11 28. Ke2 Ra8 29. Kd1 Rd8 30. Kc2 Re8 31. Ne2 Rd8 32. Ng3 Rdh8 33. Nh5+
Kg8 34. Qxa5 Nbd7 35. Qa7 Nf8 36. b4 Na6 37. a3 Qd8 38. Kd2 Rf7 39. Bd1 Bg7 40.
Bb3 Kh7 41. c5 d5 42. Qb6 Nc7 43. exd5 e4 44. d6 Qa8 45. Qa5 Qe8 46. Bxf7 Qxf7
47. Qxc7 Qa2+ 48. Ke1 Qb1+ 49. Kf2 Qb2+ 50. Kg3 Ne6 51. fxe6 Rg8 52. Nxg7 Qe5+
53. Kg2 Qb2+ 54. Bf2 Qf6 55. Nf5+ Rg7 56. Rxh6+ 1-0

[Event "Open Semana Santa 2023"]
[Site "?"]
[Date "2023.04.06"]
[Round "3.108"]
[White "Soler Ollero, Guillermo"]
[Black "Atienza Alvarez, Javier"]
[Result "1/2-1/2"]
[WhiteElo "1770"]
[BlackElo "2089"]
[PlyCount "87"]

1. d4 Nf6 2. Bf4 d5 3. e3 e6 4. Nd2 c5 5. c3 Bd6 6. Bg3 O-O 7. Ngf3 b6 8. Bd3
Ba6 9. Bxa6 Nxa6 10. Ne5 Qc7 11. f4 Nb8 12. O-O Nc6 13. Qf3 Ne7 14. Bh4 Nd7 15.
g4 Rae8 16. g5 Nf5 17. Bf2 cxd4 18. exd4 b5 19. h4 a5 20. h5 a4 21. a3 Nb6 22.
Qg4 Nc4 23. Ndxc4 bxc4 24. g6 fxg6 25. hxg6 h6 26. Rae1 Rf6 27. Kh1 Qb6 28. Nd7
Qxb2 29. Nxf6+ gxf6 30. Bh4 Qxc3 31. Bxf6 Rf8 32. Rxe6 Ng3+ 33. Kg2 Nxf1 34.
Kxf1 Qc1+ 35. Kg2 Qxf4 36. Qxf4 Bxf4 37. Rc6 Be3 38. Be5 Bc1 39. Rc7 Rf5 40.
Rc8+ Rf8 41. Rc7 Rf5 42. Rc8+ Rf8 43. Rc7 Rf5 44. Rc8+ 1/2-1/2

[Event "Open Semana Santa 2023"]
[Site "?"]
[Date "2023.04.06"]
[Round "3.109"]
[White "Centeno Mendoza, Julio Stefano"]
[Black "Garrido Silos, Pablo"]
[Result "1-0"]
[WhiteElo "2088"]
[BlackElo "1769"]
[PlyCount "73"]

1. e4 c5 2. c3 Nf6 3. e5 Nd5 4. Bc4 Nb6 5. Bb3 c4 6. Bc2 g6 7. Nf3 Bg7 8. O-O
Nc6 9. Re1 d6 10. exd6 Qxd6 11. h3 O-O 12. b3 Be6 13. Na3 Nb4 14. Nb5 Qd7 15.
Nbd4 Nxc2 16. Qxc2 Bd5 17. Ba3 Rfe8 18. Ne5 Bxe5 19. Rxe5 e6 20. f4 Rac8 21.
Qd1 Na8 22. Qe2 a6 23. Re1 cxb3 24. axb3 Bxb3 25. Nxb3 Qa4 26. Nd4 Qxa3 27. f5
Rc5 28. fxe6 Rxe5 29. Qxe5 fxe6 30. Nxe6 Qe7 31. d4 b5 32. Qd5 Qf7 33. Qc6 Nc7
34. d5 a5 35. Rf1 Rxe6 36. dxe6 Qe7 37. Qd7 1-0

[Event "Open Semana Santa 2023"]
[Site "?"]
[Date "2023.04.06"]
[Round "3.110"]
[White "Perea Fruet, Federico"]
[Black "Castro Quijano, Eduardo"]
[Result "0-1"]
[WhiteElo "1766"]
[BlackElo "2083"]
[PlyCount "84"]

1. e4 c5 2. Nc3 Nc6 3. g3 e6 4. Bg2 Nf6 5. d3 Be7 6. Nge2 d5 7. exd5 exd5 8.
O-O O-O 9. Re1 d4 10. Ne4 Nd5 11. Nf4 Nxf4 12. Bxf4 g5 13. Bc1 h6 14. Qh5 Kg7
15. f4 Rh8 16. Rf1 f5 17. g4 Qe8 18. Qxe8 Rxe8 19. gxf5 g4 20. f6+ Bxf6 21. f5
h5 22. Bh6+ Kxh6 23. Nxf6 Rf8 24. Ne4 Bxf5 25. Nd6 Bg6 26. Nxb7 Nb4 27. Nxc5
Rxf1+ 28. Rxf1 Rc8 29. Ne6 Rxc2 30. Rf6 Rc1+ 31. Bf1 Nd5 32. Rf2 Bxd3 33. Nf4
Nxf4 34. Rxf4 Kg5 35. Rf2 Rxf1+ 36. Rxf1 Bxf1 37. Kxf1 h4 38. b4 g3 39. hxg3 h3
40. b5 h2 41. Kg2 d3 42. a4 d2 0-1

[Event "Open Semana Santa 2023"]
[Site "?"]
[Date "2023.04.06"]
[Round "3.111"]
[White "Segura Santos, Luis"]
[Black "Diez Machin, Vicente"]
[Result "1/2-1/2"]
[WhiteElo "2083"]
[BlackElo "1761"]
[PlyCount "125"]

1. e4 c5 2. Nf3 e6 3. d4 cxd4 4. Nxd4 Nc6 5. Nc3 Qc7 6. g3 a6 7. Bg2 Nf6 8. O-O
Nxd4 9. Qxd4 Bc5 10. Qd3 Ng4 11. Bf4 Ne5 12. Qe2 d6 13. a4 Bd7 14. Rfd1 Bc6 15.
Rab1 Ng6 16. Be3 Bxe3 17. Qxe3 O-O 18. h4 b5 19. axb5 axb5 20. h5 Ne5 21. h6
Nc4 22. Qg5 f6 23. Qg4 Rae8 24. hxg7 Rf7 25. Qh5 Qb8 26. Ne2 Qb7 27. Qh4 f5 28.
Nd4 Bxe4 29. Bxe4 fxe4 30. b3 Ne5 31. c4 b4 32. Re1 d5 33. Qh5 Nd3 34. Re2 Qb6
35. Nxe6 Rxe6 36. Qxd5 Nxf2 37. c5 Nh3+ 38. Kh2 Qa6 39. Rxe4 Rxe4 40. Qxe4 Ng5
41. Qe8+ Kxg7 42. Qe5+ Qf6 43. Qxf6+ Rxf6 44. Rc1 Rc6 45. Rc4 Nf3+ 46. Kg2 Nd2
47. Rxb4 Rxc5 48. Rg4+ Kf6 49. b4 Rc4 50. Rg8 Rxb4 51. Rd8 Rb2 52. Kh3 Ne4 53.
Re8 Ng5+ 54. Kg4 Rb4+ 55. Kh5 Nf7 56. g4 Rb5+ 57. Kh4 h6 58. Ra8 Rd5 59. Ra6+
Rd6 60. Ra4 Ne5 61. Kh5 Kg7 62. g5 hxg5 63. Kxg5 1/2-1/2

[Event "Open Semana Santa 2023"]
[Site "?"]
[Date "2023.04.06"]
[Round "3.112"]
[White "Cayon Pelaez, Pablo"]
[Black "Rubial Blanco, Heriberto"]
[Result "0-1"]
[WhiteElo "2079"]
[BlackElo "1740"]
[Annotator "Usuario"]
[PlyCount "86"]

1. d4 Nf6 2. c4 e6 3. Nc3 d5 4. cxd5 exd5 5. Bg5 c6 6. e3 Bf5 7. Bd3 Bg6 8.
Nge2 Be7 9. f3 Nbd7 10. O-O O-O 11. Bh4 Re8 12. Bf2 Bf8 13. Ng3 c5 14. Rc1 cxd4
15. exd4 Rc8 16. a3 a6 17. Nge2 Nb6 18. Nf4 Bxd3 19. Nxd3 Nc4 20. Qa4 Rc6 21.
Rfd1 b5 22. Qb3 Bd6 23. g3 Qc7 24. Nb4 Bxb4 25. Qxb4 Nd6 26. Qb3 Nc4 27. Kg2 h6
28. Re1 Rce6 29. Rxe6 Rxe6 30. Qc2 Qe7 31. Rf1 a5 32. Qc1 b4 33. axb4 axb4 34.
Nd1 Re2 35. b3 Nd2 36. Rg1 g6 37. Qc5 $11 Qe8 38. Qxb4 Nxf3 39. Nc3 Rc2 40.
Kxf3 Rxc3+ 41. Kg2 Qe4+ 42. Kf1 Rc1+ 43. Be1 Qf3# 0-1

[Event "Open Semana Santa 2023"]
[Site "?"]
[Date "2023.04.06"]
[Round "3.113"]
[White "Sivanandan, Bodhana"]
[Black "WIM Varela La Madrid, Tilsia Carolin"]
[Result "1/2-1/2"]
[WhiteElo "1746"]
[BlackElo "2078"]
[PlyCount "62"]

1. e4 e5 2. Nf3 Nc6 3. Nc3 Nf6 4. d4 exd4 5. Nxd4 Bb4 6. Nxc6 bxc6 7. Bd3 d5 8.
exd5 cxd5 9. O-O O-O 10. Bg5 Be6 11. Qf3 Be7 12. h3 Rb8 13. b3 c5 14. Rad1 h6
15. Bxf6 Bxf6 16. Bc4 Bxc3 17. Qxc3 d4 18. Qd3 Rb6 19. Bxe6 Rxe6 20. Qc4 Qa5
21. a4 Rfe8 22. Rd3 Re1 23. c3 Rxf1+ 24. Kxf1 Qc7 25. cxd4 Qh2 26. Re3 Qh1+ 27.
Ke2 Rxe3+ 28. Kxe3 cxd4+ 29. Qxd4 Qxg2 30. Qd8+ Kh7 31. Qd3+ Kg8 1/2-1/2

[Event "Open Semana Santa 2023"]
[Site "?"]
[Date "2023.04.06"]
[Round "3.114"]
[White "WFM Guillo Longares, Cecilia"]
[Black "Zotes Flecha, Luis"]
[Result "1-0"]
[WhiteElo "2078"]
[BlackElo "1737"]
[PlyCount "37"]

1. d4 g6 2. c4 Bg7 3. Nf3 d6 4. g3 c6 5. Bg2 Nd7 6. O-O Ngf6 7. Nc3 O-O 8. h3
e5 9. dxe5 Nxe5 10. b3 Nxf3+ 11. exf3 Ne4 12. Nxe4 Bxa1 13. Bg5 f6 14. Bh6 d5
15. Bxf8 Be5 16. Bh6 Bf5 17. cxd5 cxd5 18. Nc5 g5 19. f4 1-0

[Event "Open Semana Santa 2023"]
[Site "?"]
[Date "2023.04.06"]
[Round "3.115"]
[White "Alvarez Poves, Jesus"]
[Black "Pham Guerrero, Sergi"]
[Result "0-1"]
[WhiteElo "1735"]
[BlackElo "2069"]
[PlyCount "64"]
[EventDate "2023.??.??"]

1. e4 c5 2. Nc3 g6 3. g3 Bg7 4. Bg2 Nc6 5. Nge2 d6 6. O-O Rb8 7. d3 b5 8. a3 e6
9. f4 Nd4 10. f5 b4 11. fxg6 hxg6 12. axb4 cxb4 13. Na4 Ne7 14. Bg5 Qa5 15. Bf4
Qh5 16. Bxd6 Rb5 17. Nf4 Qh6 18. Bxe7 Kxe7 19. Nc5 Rxc5 20. Rxa7+ Bd7 21. c3
Nc6 22. d4 Nxa7 23. dxc5 Be5 24. Nh3 Qe3+ 25. Kh1 bxc3 26. g4 Nc6 27. b4 Rxh3
28. Bxh3 Qxh3 29. Rf2 Nd4 30. g5 Qe3 31. Qf1 Qxe4+ 32. Kg1 Nf5 0-1

[Event "Open Semana Santa 2023"]
[Site "?"]
[Date "2023.04.06"]
[Round "3.116"]
[White "Justiniano Marquez, Marco Antoni"]
[Black "Debbeler, Adrian"]
[Result "1-0"]
[WhiteElo "2068"]
[BlackElo "1709"]
[PlyCount "81"]
[EventDate "2023.??.??"]

1. Nf3 d5 2. c4 c6 3. b3 Nf6 4. Bb2 Bf5 5. g3 Nbd7 6. Bg2 e6 7. O-O Qb6 8. Qc1
Be7 9. d3 a5 10. Nc3 O-O 11. Nh4 Bg4 12. h3 Bh5 13. g4 Bg6 14. Nxg6 fxg6 15. e3
Qc7 16. cxd5 exd5 17. Nxd5 Nxd5 18. Bxd5+ Kh8 19. Bg2 Bf6 20. Bxf6 Rxf6 21. d4
Raf8 22. g5 Rf5 23. f4 Nb6 24. Qd2 Nd7 25. Rac1 R5f7 26. h4 Re7 27. e4 Ref7 28.
e5 Re7 29. Kh1 Qb6 30. Kh2 Rd8 31. Qc3 Nf8 32. Qc5 Qxc5 33. Rxc5 Rxd4 34. Rxa5
Rf7 35. Ra8 Kg8 36. Bh3 Re7 37. e6 Rd2+ 38. Kg3 Rd3+ 39. Rf3 Rd2 40. f5 Kh8 41.
Rxf8# 1-0

[Event "Open Semana Santa 2023"]
[Site "?"]
[Date "2023.04.06"]
[Round "3.117"]
[White "Garcia Vives, Joan"]
[Black "Andries, Alf"]
[Result "0-1"]
[WhiteElo "1731"]
[BlackElo "2067"]
[PlyCount "88"]

1. e4 c5 2. Nf3 Nc6 3. Bb5 g6 4. Bxc6 bxc6 5. d4 Bg7 6. Be3 Ba6 7. Nbd2 Qc7 8.
c4 cxd4 9. Bxd4 e5 10. Bc3 d6 11. O-O Ne7 12. Re1 O-O 13. b4 Rad8 14. Rb1 Bc8
15. h3 f6 16. Qb3 Be6 17. Rbc1 Rb8 18. a4 a6 19. Nb1 Qb7 20. Na3 Bf7 21. Qc2 d5
22. c5 dxe4 23. Rxe4 Bd5 24. Re2 Nc8 25. Nd2 Qf7 26. Rb1 Na7 27. Qd3 Qb7 28.
Ndc4 Nc8 29. Na5 Qa7 30. N3c4 Rd8 31. Qc2 Qf7 32. Ne3 Bh6 33. Nxd5 Qxd5 34. Qe4
Ne7 35. Qxd5+ Rxd5 36. Nc4 Rxc5 37. bxc5 Rxb1+ 38. Re1 Rxe1+ 39. Bxe1 Kf7 40.
Nd6+ Ke6 41. Ne8 Nd5 42. Ba5 Bf8 43. Bb6 Kd7 44. Nd6 Bxd6 0-1

[Event "Open Semana Santa 2023"]
[Site "?"]
[Date "2023.04.06"]
[Round "3.118"]
[White "Pousada Garcia, Daniel"]
[Black "Palacios Sanchez, Victor"]
[Result "1-0"]
[WhiteElo "2061"]
[BlackElo "1704"]
[PlyCount "61"]

1. e4 c5 2. Nf3 e6 3. c3 Nf6 4. e5 Nd5 5. Bc4 Nb6 6. Bb3 Nc6 7. d4 cxd4 8. cxd4
d6 9. Qe2 dxe5 10. dxe5 Be7 11. O-O O-O 12. Nc3 Qc7 13. Bf4 Bd7 14. Rac1 Rad8
15. h4 Qb8 16. Bc2 Nb4 17. Bb1 Bc6 18. Ng5 h6 19. Nh7 Rfe8 20. Nf6+ Bxf6 21.
Qg4 Bxe5 22. Bxh6 Rd4 23. f4 Bf6 24. h5 Qd6 25. Ne2 N6d5 26. Bxg7 Ne3 27. Qg3
Nxf1 28. Rxf1 Bh4 29. Qg4 f5 30. Qg6 e5 31. Bf6+ 1-0

[Event "Open Semana Santa 2023"]
[Site "?"]
[Date "2023.04.06"]
[Round "3.119"]
[White "Kyriakidis, Orestis"]
[Black "Moreno Alcaraz, Jose Javier"]
[Result "1-0"]
[WhiteElo "1727"]
[BlackElo "2060"]
[PlyCount "93"]

1. d4 Nf6 2. Nf3 e6 3. g3 b5 4. Bg2 Bb7 5. O-O Be7 6. a4 b4 7. c4 a5 8. Re1 c5
9. b3 Na6 10. Nbd2 Qb6 11. Bb2 O-O 12. e4 cxd4 13. e5 Ne8 14. Nxd4 f6 15. Bxb7
Qxb7 16. f4 fxe5 17. Rxe5 Bf6 18. Rb5 Qa7 19. Ne4 Nac7 20. Nxf6+ Nxf6 21. Re5
d6 22. Re1 Rae8 23. Kg2 e5 24. Nb5 Nxb5 25. axb5 exf4 26. Bxf6 Qa8+ 27. Qd5+
Qxd5+ 28. cxd5 Rxe1 29. Rxe1 gxf6 30. Ra1 fxg3 31. Kxg3 Kg7 32. Rxa5 Rb8 33.
Kf4 Kg6 34. Ke4 f5+ 35. Kf4 Re8 36. Ra6 Re4+ 37. Kf3 Kg5 38. Rxd6 Re7 39. b6 f4
40. Rc6 Rb7 41. Ke4 f3 42. Kxf3 Kf5 43. Re6 h5 44. Ke3 h4 45. Kd4 Kg4 46. Kc5
Kh3 47. Re2 1-0

[Event "Open Semana Santa 2023"]
[Site "?"]
[Date "2023.04.06"]
[Round "3.120"]
[White "WFM Jimenez Fernandez, Rebeca"]
[Black "Pacios Elola, Daniel Antonio"]
[Result "1-0"]
[WhiteElo "2053"]
[BlackElo "1700"]
[PlyCount "83"]

1. e4 c6 2. d4 d5 3. Nc3 dxe4 4. Nxe4 Nf6 5. Nxf6+ exf6 6. c3 Be6 7. Bd3 g6 8.
Ne2 Bg7 9. Be3 Nd7 10. Nf4 Qe7 11. O-O O-O 12. Re1 Nb6 13. Nxe6 Qxe6 14. Bh6
Qd7 15. Bxg7 Kxg7 16. Qd2 Rae8 17. h4 Qg4 18. g3 Qd7 19. Kh2 h5 20. Bf1 c5 21.
Rxe8 Rxe8 22. Rd1 Rd8 23. Qc2 cxd4 24. Rxd4 Qc7 25. Rxd8 Qxd8 26. Bg2 Qe7 27.
c4 Nc8 28. c5 a6 29. b4 Na7 30. Qe4 Qxe4 31. Bxe4 Nc6 32. Bxc6 bxc6 33. a4 Kf8
34. Kg2 Ke7 35. Kf3 f5 36. Ke3 f6 37. f4 Kd7 38. Kd4 Kc7 39. Kc4 Kb7 40. b5 Kc7
41. bxc6 Kxc6 42. Kd4 1-0

[Event "Open Semana Santa 2023"]
[Site "?"]
[Date "2023.04.06"]
[Round "3.121"]
[White "Molina Ortega, Carlos"]
[Black "Arroyo Rodriguez, Jesus"]
[Result "0-1"]
[WhiteElo "1718"]
[BlackElo "2048"]
[Annotator "Usuario"]
[PlyCount "84"]

1. e4 c5 2. Nf3 Nc6 3. Nc3 g6 4. d4 cxd4 5. Nxd4 Bg7 6. Be3 Nf6 7. Bc4 Qa5 8.
O-O O-O 9. h3 a6 10. a4 d6 11. Qd2 Ne5 12. Ba2 Qc7 13. Qe2 Bd7 14. f4 Nc6 15.
Rad1 Rac8 16. g4 Nb4 17. Bb3 Rfd8 18. Qg2 Qa5 19. f5 Be8 20. Qf2 Nc6 21. Nxc6
Bxc6 22. fxg6 hxg6 23. Bb6 Qe5 24. Bxd8 Rxd8 25. Rde1 e6 26. Qf4 Qc5+ 27. Kh1
Rd7 28. Qe3 Qe5 29. Qf3 b5 30. Qf4 Qxf4 31. Rxf4 g5 32. Rff1 b4 33. Na2 Rb7 34.
Kg1 Nxe4 35. Rd1 $11 Bxb2 36. Nc1 a5 37. Nd3 Bd4+ 38. Kh2 Nc3 39. Ra1 Kg7 40.
Nb2 Be5+ 41. Kg1 Bd4+ 42. Kh2 Ne2 0-1

[Event "Open Semana Santa 2023"]
[Site "?"]
[Date "2023.04.06"]
[Round "3.122"]
[White "Aura, Daniel"]
[Black "Cebrian Flores, Juan Antonio"]
[Result "1/2-1/2"]
[WhiteElo "1708"]
[BlackElo "2045"]
[PlyCount "100"]

1. e4 g6 2. d4 Bg7 3. Nc3 d6 4. Be3 a6 5. Qd2 b5 6. O-O-O Bb7 7. h4 h5 8. Kb1
Nd7 9. f3 Rc8 10. Nh3 c5 11. dxc5 Nxc5 12. Bd4 Nf6 13. e5 dxe5 14. Bxe5 Qxd2
15. Rxd2 Nfe4 16. Nxe4 Nxe4 17. fxe4 Bxe5 18. Bd3 O-O 19. Nf2 Bg3 20. Rh3 Bf4
21. Rd1 Rcd8 22. Rg1 Bc7 23. g4 Bb6 24. Rf3 hxg4 25. Rxg4 Rd6 26. h5 Rf6 27.
Rxf6 exf6 28. Nd1 Kg7 29. a4 bxa4 30. hxg6 Bc8 31. Rg2 fxg6 32. Nc3 a3 33. bxa3
f5 34. exf5 Bxf5 35. Bxa6 Bd4 36. Rg3 Bc5 37. a4 Rd8 38. Bd3 Bxd3 39. Rxd3 Rxd3
40. cxd3 Bb4 41. Ne4 Kh6 42. Kc2 g5 43. Kb3 Ba5 44. d4 Kg6 45. Nxg5 Kxg5 46.
Kc4 Kf6 47. Kb5 Bc3 48. d5 Ke7 49. Kc6 Kd8 50. d6 Bd2 1/2-1/2

[Event "Open Semana Santa 2023"]
[Site "?"]
[Date "2023.04.06"]
[Round "3.123"]
[White "Dura Olmos, Gines Raul"]
[Black "Stalhandske, Julien"]
[Result "1-0"]
[WhiteElo "2044"]
[BlackElo "1699"]
[PlyCount "87"]

1. Nf3 Nf6 2. c4 g6 3. g3 Bg7 4. Bg2 d5 5. cxd5 Nxd5 6. O-O Nc6 7. d4 Nb6 8. e3
O-O 9. Nc3 Re8 10. d5 Na5 11. Qc2 c6 12. dxc6 Nxc6 13. Rd1 Bd7 14. b3 Qc8 15.
Ba3 Bg4 16. Rac1 Ne5 17. Qe4 Bxf3 18. Bxf3 f5 19. Qxb7 Nxf3+ 20. Qxf3 Bxc3 21.
Bb4 Qa6 22. Rxc3 Qxa2 23. Qc6 e6 24. Qd6 Nd5 25. Rxd5 exd5 26. Qxd5+ Kh8 27.
Rc1 Rac8 28. Qd4+ Kg8 29. Bc3 Rxc3 30. Qxc3 Qa6 31. Rd1 Qe6 32. b4 Re7 33. Rd8+
Re8 34. Rxe8+ Qxe8 35. Qc4+ Kg7 36. Qd4+ Kh6 37. Qxa7 Qe4 38. Qd4 Qc6 39. h4
Qc1+ 40. Kg2 Qc6+ 41. Kh2 Qc2 42. Qf4+ Kg7 43. b5 Qb2 44. Qd4+ 1-0